000
00263nam a2200109 4500
082
0
_a
225.5
242
0
0
_a
New testament in Bangala
245
1
0
_a
Kondimana na sika
260
_a
Kinshasa
_b
Alliance Biblique Universelle
_c
c.1977
300
_a
656 p.
942
_2
ddc
_c
BK
999
_c
64604
_d
64578